00731nam a2200253 a 4500001001300000003000900013005001700022008004100039020000900080082001800089100002200107245003200129260004200161300000900203500003500212505001000247650003900257700001700296700001700313902000800330942000700338952011700345999001500462nice12345678IN_TiNIC20260116012449.0050524s1982 dela grp 000 0 eng  ac6000a954.0317bMAL aKhan, Ahmad Syyid aHistory of Bijnor Rebellion aDelhibIdara-I-Adabiyat-I-Dillic1982 a214p aincludes index and biblioraphy2 aIndex aIndia-History Sepoy Multiny Binjor1 aHafeez Malik1 aMorris Dembo bSRS cBK 001040708StackRoom-aHMIbHMId2008-01-23g60.00l0o954.0317 MALp012337r2008-01-23v60.00w2005-05-24yBK c7123d7123